000 00484nam a2200181Ia 4500
999 _c29207
_d29207
003 OSt
005 20210106131907.0
008 190216s9999||||xx |||||||||||||| ||und||
020 _a9788126408887
040 _coclc
082 _a894.8129
_bASH/H
100 _aAshamenon
_97017
245 0 _aHerbarium /
_cAshamenon
260 _bD C Books,
_aKottayam:
_c2004.
300 _a90p
650 _aOormakurip
942 _cBK
_2ddc
_h894.8129
_iASH/H
_k894.8129
_mASH/H